William Herschel and the construction of the heavens (Record no. 3581)

MARC details
000 -LEADER
fixed length control field 00587nam a2200181Ia 4500
003 - CONTROL NUMBER IDENTIFIER
control field IN-BaIIA
008 - FIXED-LENGTH DATA ELEMENTS--GENERAL INFORMATION
fixed length control field 211028s9999 xx 000 0 eng d
040 ## - CATALOGING SOURCE
Transcribing agency IIA Library
080 ## - UNIVERSAL DECIMAL CLASSIFICATION NUMBER
Universal Decimal Classification number 92:52
Item number HOS
100 ## - MAIN ENTRY--PERSONAL NAME
Personal name Hoskin, Michael A.
9 (RLIN) 6340
245 #0 - TITLE STATEMENT
Title William Herschel and the construction of the heavens
Statement of responsibility, etc. Michael A. Hoskin
260 ## - PUBLICATION, DISTRIBUTION, ETC.
Place of publication, distribution, etc. London
Name of publisher, distributor, etc. Metropolitan Book Company Private Limited
Date of publication, distribution, etc. 1963
300 ## - PHYSICAL DESCRIPTION
Extent 199p
490 ## - SERIES STATEMENT
Series statement Oldbourne History of Science Library
650 ## - SUBJECT ADDED ENTRY--TOPICAL TERM
Topical term or geographic name entry element Biography
9 (RLIN) 1224
650 ## - SUBJECT ADDED ENTRY--TOPICAL TERM
Topical term or geographic name entry element NASA Thesaurus
942 ## - ADDED ENTRY ELEMENTS (KOHA)
Koha item type Books
Holdings
Withdrawn status Lost status Damaged status Not for loan Home library Current library Shelving location Date acquired Cost, normal purchase price Total Checkouts Full call number Barcode Date last seen Cost, replacement price Price effective from Koha item type Purchase Price
        IIA Library-Bangalore IIA Library-Bangalore General Stacks 22/09/1970 28.35   92:52/ HOS 3999 05/11/2021 28.35 22/09/1970 Books Rs. 28.35

Powered by Koha